ČSN 69 0052 Přírubové spoje Výpočet pevnosti

Bibliographic Details
Format: Book
Language:Undetermined
PhysicalDescription:26 s.
Published: Praha ÚNV 1985

MARC

LEADER 00000nam a2200000 a 4500
001 vtls001270273
003 SK-MaSNL
005 20260224062840.0
008 210928s1985 xx 0 und
035 |a SNK000221347 
040 |a SNK  |b slo  |c SNK  |e AACR2 
245 1 |a ČSN 69 0052 Přírubové spoje  |b Výpočet pevnosti 
260 |a Praha  |b ÚNV  |c 1985 
300 |a 26 s. 
958 |a OND 
999 |c 885367  |d 887297 
952 |t P60, <04>, [BOOK], {604}  |a SNK  |b SNK  |y VYP  |7 0  |p 17A0026897  |o snkČSN 69 0052  |0 0  |1 0  |4 0  |d 1996-12-17  |l 0  |r 2005-01-01 00:00:00  |w 2026-02-24